Customercraft : keeping the customers satisfied (Record no. 207702)

MARC details
000 -LEADER
fixed length control field 00469nam a2200169Ia 4500
008 - FIXED-LENGTH DATA ELEMENTS--GENERAL INFORMATION
fixed length control field 231221s9999 xx 000 0 und d
041 ## - LANGUAGE CODE
Language code of text/sound track or separate title English
082 ## - DEWEY DECIMAL CLASSIFICATION NUMBER
Classification number 647.9 APP;1 R
100 ## - MAIN ENTRY--PERSONAL NAME
Personal name Apps, Roy
245 #0 - TITLE STATEMENT
Title Customercraft : keeping the customers satisfied
250 ## - EDITION STATEMENT
Edition statement 2nd ed.
260 ## - PUBLICATION, DISTRIBUTION, ETC.
Date of publication, distribution, etc. 1992
Name of publisher, distributor, etc. McMillan
Place of publication, distribution, etc. HAMPSHIRE
300 ## - PHYSICAL DESCRIPTION
Extent v+82
650 ## - SUBJECT ADDED ENTRY--TOPICAL TERM
Topical term or geographic name entry element Customer,craft:,keeping,customer,satisfied
650 ## - SUBJECT ADDED ENTRY--TOPICAL TERM
Topical term or geographic name entry element Hotel Management-Customer Craft
942 ## - ADDED ENTRY ELEMENTS (KOHA)
Koha item type Hotel Management Library
Holdings
Date last seen Total checkouts Full call number Accession number Cost, total (INR) price Price effective from Category Lost status Damaged status Department Withdrawn status Home library Current library Shelving location Entry date Vendor Cost, normal purchase price Grants Billnumber Billdate Currency symbol Conversion rate Discount Old discount
26/01/2024   647.9 APP;1 R HM268 448.56 26/01/2024 Hotel Management Library     HEM   Central Library Central Library HM   Sapna Book House 498.40 HM 27569 21/06/2010 RS 1 49.84 10

© For any Suggestions or Query, please contact the library staff @ librarian@pes.edu or Phone: +9180 2672 1983/ 2108.